000 00588nam a2200193Ia 4500
005 20250326141849.0
008 250326s9999 xx 000 0 und d
020 _a0-85374-271-5
037 _aTextbook
040 _aFMSL
_beng
_cFMSL
041 _aeng
_2eng
084 _aX79A M6
_qFMSL
100 _aLeat D
_9745188
245 0 _aPrice worth paying : study of the effects of Governments grant aid to voluntary organisation
_cLeat D
260 _aLondon
_bLondon, Policy studies Institute
_c1986
300 _a202p
942 _cTB
_hX79A M6
999 _c1292344
_d1292344